00495cam a2200181 a 450000100100000000500170001000800410002702000150006804000230008308200200010610000280012624500370015426000330019130000210022458600280024565000180027365000220029100000772820200929154258.0980709s1998 sp 000 f spa d a8420483702 aDO-SdBNPcPL#dDLC aCu863.44bA334c1 aAlberto, Eliseo,d1951-10aCaracol beach /cEliseo Alberto. aMadrid :bAlfaguara,cc1998. a365 p. ;c22 cm. aPremio Alfaguara, 1998. 4aNovela cubana 4aLiteratura cubana